Представление документа в формате RUSMARC

ПолеНазваниеЗначение
  Тип записи a
  Библиографический уровень m
001 Контрольный номер UONB/MAIN/ed756c1a772a40b09ceb731ab2bc8f0c
005 Дата корректировки 20260526105640.6
100 Данные общей обработки __
a Данные общей обработки 20260526d1949 k y0rusy0189 ca
101 Язык документа 0_
a Язык текста rus
102 Страна публикации __
a Страна публикации RU
105 Кодированные данные (монография) __
a Кодированные данные (монография) a z 001yy
200 Заглавие и сведения об ответственности 1_
a Заглавие Труды Института
f Первые сведения об ответственности Министерство сельского хозяйства СССР, Саратовский научно-исследовательский институт экономики сельского хозяйства
203 Вид содержания и тип средства __
a Вид содержания Текст
b Характеристика содержания визуальный
c Тип средства непосредственный
210 Выходные данные 1_
a Место издания Саратов
c Издательство б. и.
d Дата издания 1948-1951
215 Физическое описание __
d Формат 19 см
710 Наименование организации. (Первичная ответственность) 02
a Организация/ юрисдикция Саратовский научно-исследовательский институт экономики сельского хозяйства
4 Код отношения 570
801 Источник записи _0
a Страна RU
b Организация Ульяновская ОНБ
c Дата составления 20260526
g Правила каталогизации RCR
801 Источник записи _1
a Страна RU
b Организация Ульяновская ОНБ
c Дата составления 20260526
g Правила каталогизации RCR
901 Тип документа __
t Тип документа v
909 Создатель записи __
a Создатель записи Моргунова
b Дата создания записи 20260526